Aeropuertos europeos con más tráfico de pasajeros. - Estadísticas

Estadísticas generales
  • Esta prueba ha sido intentada 220 veces
  • La puntuación promedio es 16 de 25
Estadísticas de respuestas
Número de pasajeros Aeropuerto % Correcto
50.420.583 Madrid Adolfo Suárez Barajas
99%
73.954.289 Londres Heathrow
96%
63.813.756 París Charles de Gaulle
95%
38.506.908 Roma Fiumicino
94%
37.559.044 Barcelona El Prat
93%
28.862.586 París Orly
93%
38.103.667 Londres Gatwick
91%
54.978.023 Ámsterdam Schiphol
80%
33.040.000 Moscú Domodédovo
76%
31.568.000 Moscú Sheremétievo
76%
59.566.132 Frankfurt
75%
39.700.515 München Franz Josef Strauss
68%
21.933.190 Bruselas National
67%
21.712.173 Dublín
60%
22.483.158 Viena Schwechat
58%
24.269.235 Oslo Gardemoen
56%
22.443.272 Estocolmo Arlanda
55%
56.954.790 Estambul Atatürk
53%
23.631.883 Estambul Sabiha Gökçen
52%
25.477.622 Zúrich
46%
21.989.682 Mánchester
44%
25.627.093 Copenhague Kastrup
43%
23.115.499 Palma Son Sant Joan
43%
21.850.489 Düsseldorf
24%
28.341.063 Antalya
2%
No se encontraron pruebas coincidentes
Distribución de puntuación
Porcentaje de gente con cada puntuación
Porcentaje por número respondido
Historial de tus puntuaciones
No has intentado esta prueba.